Adolescentes. Tu hijo no es tu enemigo (Registro nro. 56973)

Detalles MARC
000 -CABECERA
Longitud fija campo de control 01821nam a2200325 i 4500
003 - • IDENTIFICADOR DELl NÚMERO DE CONTROL
Identificador del número de control CO-BoRNBP
005 - • FECHA Y HORA DE LA ÚLTIMA TRANSACCIÓN
Fecha y hora de la última transacción 20250226102725.0
007 - • CAMPO FIJO DE DESCRIPCIÓN FÍSICA
Campo fijo de descripción física ta
008 - • CÓDIGOS DE INFORMACIÓN DE LONGITUD FIJA
Códigos de información de longitud fija 231122s2023 ck |||er|||||000 0 spa|d
020 ## - • NÚMERO INTERNACIONAL NORMALIZADO PARA LIBROS
Número Internacional Normalizado para Libros (ISBN) 9789585499232
040 ## - FUENTE DE LA CATALOGACIÓN
Centro catalogador de origen CO-BoRNBP
Lengua de catalogación spa
Normas de descripción rda
Centro transcriptor CO-BoRNBP
041 0# - • CÓDIGO DE LENGUA
Código de lengua del texto/banda sonora o título independiente spa
043 ## - CÓDIGO DE ÁREA GEOGRÁFICA
Código de área geográfica s-ck---
082 04 - • NÚMERO DE LA CLASIFICACIÓN DECIMAL DEWEY
Número de clasificación (R) 155.5
Número del ítem P27a
100 1# - • PUNTO DE ACCESO PRINCIPAL-NOMBRE DE PERSONA
Nombre de persona Peralbo, Ángel,
Término indicativo de función autor
245 10 - • TITULO PROPIAMENTE DICHO
Título Adolescentes. Tu hijo no es tu enemigo
Resto del título Edúcalos sin miedo para conseguir una relación sana y positiva/
Mención de responsabilidad, etc. Ángel Peralbo
250 ## - • MENCIÓN DE EDICIÓN
Mención de edición Edición especial para el Ministerio de las Culturas
264 #1 - PRODUCCIÓN, PUBLICACIÓN , DISTRIBUCIÓN, FABRICACIÓN Y COPYRIGHT
Lugar de producción, publicación, distribución, fabricación Bogotá, Colombia
Nombre del productor, editor, distribuidor, fabricante Ediciones Monserrate
Fecha de de producción, publicación, distribución, fabricación o copyright 2023
300 ## - • DESCRIPCIÓN FÍSICA
Extensión 229 páginas
Dimensiones 23 cm
336 ## - TIPO DE CONTENIDO
Término de tipo de contenido texto
Código de tipo de contenido txt
Fuente rdacontenido
337 ## - TIPO DE MEDIO
Nombre del tipo de medio sin mediación
Código del tipo de medio n
Fuente rdamedio
338 ## - TIPO DE SOPORTE
Nombre del tipo de soporte volumen
Código del tipo de soporte nc
Fuente rdasoporte
504 ## - • NOTA DE BIBLIOGRAFÍA, ETC
Nota de bibliografía, etc. Incluye bibliografía e índice
520 3# - • NOTA DE RESUMEN
Resumen, etc, Cada día los padres tienen más miedo a la hora de educar a sus hijos adoles centes, y ello hace que uti- licen recursos que no son convenientes para la convi vencia: amenazas, críticas excesivas, castigos... Este libro del psicólogo Ángel Peralbo, autor del best seller El adolescente indomable, enseña precisamente a salir de ese círculo de temor y preocupación para lograr una rela- ción respetuosa y gratificante con los hijos.<br/><br/>No se trata de permitirles todo, como en un cuento de hadas, pero sí de saber que no son nuestros enemigos y que es necesario comunicarse con ellos motivando reflexiones y acciones encaminadas a una mejor armonía en el hogar.<br/>(Tomado a partes del texto).
521 ## - • NOTA DE P&Uacute;BLICO DESTINATARIO
Nota público destinatario (R ) Recomendado para un público adulto <br/>
650 17 - • PUNTO DE ACCESO ADICIONAL DE MATERIA - T&Eacute;RMINO DE MATERIA
Término de materia o nombre geográfico como elemento inicial Psicología del adolescente
Fuente del encabezamiento o término ARMARC
650 17 - • PUNTO DE ACCESO ADICIONAL DE MATERIA - T&Eacute;RMINO DE MATERIA
Término de materia o nombre geográfico como elemento inicial Identidad (Psicología) en la adolescencia
Fuente del encabezamiento o término ARMARC
650 17 - • PUNTO DE ACCESO ADICIONAL DE MATERIA - T&Eacute;RMINO DE MATERIA
Término de materia o nombre geográfico como elemento inicial Padres e hijos
Fuente del encabezamiento o término ARMARC
942 ## - ENTRADA DE ELEMENTOS AGREGADOS (KOHA)
Fuente de clasificaión o esquema Dewey Decimal Classification
Koha [por defecto] tipo de item LIbro
Existencias
Perdido Fuente de clasificaci&oacute;n o esquema Estado Físico No para pr&eacute;stamo Forma de adquisición Localizaci&oacute;n permanente Localizaci&oacute;n actual Localización en estanterías Fecha adquisici&oacute;n Pr&eacute;stamos totales Signatura completa C&oacute;digo de barras Fecha &uacute;ltima consulta N&uacute;mero de copia Fecha del precio de reemplazo Tipo de item de Koha
  Dewey Decimal Classification     Colección General Biblioteca Pública José Eustasio Rivera - San Martin Biblioteca Pública José Eustasio Rivera - San Martin General 10/03/2025   155.5 P27a SM04281 10/03/2025 Ej.1 10/03/2025 LIbro
  Dewey Decimal Classification     Colección General Biblioteca Pública Puerto Lleras Biblioteca Pública Puerto Lleras General 08/15/2025   155.5 P27a PLL00586 08/15/2025 Ej.1 08/15/2025 LIbro
  Dewey Decimal Classification     Colección General Biblioteca Pública San Carlos de Guaroa - Eduardo Carranza Biblioteca Pública San Carlos de Guaroa - Eduardo Carranza General 08/20/2025   155.5 P27a SG04091 08/20/2025 Ej.1 08/20/2025 LIbro
  Dewey Decimal Classification     Colección General Biblioteca Pública El Castillo - Alfonso Meneses Biblioteca Pública El Castillo - Alfonso Meneses General 10/07/2025   155.5 P27a EC03039 10/07/2025 Ej.1 10/07/2025 LIbro
  Dewey Decimal Classification     Colección General Biblioteca Pública Cabuyaro Biblioteca Pública Cabuyaro General 09/25/2025   155.5 P27a CAB001246 09/25/2025 Ej.1 09/25/2025 LIbro
  Dewey Decimal Classification     Colección General Biblioteca Pública Guamal Biblioteca Pública Guamal General 02/26/2025   155.5 P27a GUA004821 02/26/2025 Ej.1 02/26/2025 LIbro
  Dewey Decimal Classification     Colección General Biblioteca Pública Mapiripan Biblioteca Pública Mapiripan General 08/22/2025   155.5 P27a MAP00004443 08/22/2025 Ej.1 08/22/2025 LIbro
  Dewey Decimal Classification     Colección General Biblioteca Pública Rubí Ocampo Gaviria - La Julia - Uribe Biblioteca Pública Rubí Ocampo Gaviria - La Julia - Uribe General 10/16/2025   155.5 P27a JUL00090 10/16/2025 Ej.1 10/16/2025 LIbro
  Dewey Decimal Classification     Colección General Biblioteca Pública Uribe - Reinerio Arenas Biblioteca Pública Uribe - Reinerio Arenas General 10/22/2025   155.5 P27a URI03217 10/22/2025 Ej.1 10/22/2025 LIbro









Instituto Departamental de Cultura del Meta - Red Departamental de Bibliotecas Públicas del Meta.